• 首页
  • 本馆介绍
  • 公告通知
  • 最新文献
  • 馆藏检索
  • 电子资源
  • 读者导购
  • 参考咨询
  • 我的图书馆
  • 登录
  • 详细信息显示
  • 放入我的书架
  • 预约/预借图书
  • 作者相关作品
  • 分类相关作品
  • 丛书相关作品
  • 出版社相关作品

书目信息

  • 表格格式
  • 工作单格式
  • 卡片格式
题名:
党破产了吗?
    
 
作者: 亨利希·库诺 著 ;韦任明 译
分册:  
出版信息:    1976
页数: 35页
开本: 21cm
丛书名:
单 册:
中图分类: D261.4
科图分类:
主题词: 中国共产党
电子资源:
ISBN:
000 00746nam0 2200229 450
001 0654452828
005 20060802151101.12
010    @dCNY0.15
100    @a20060802d1976 km y0chiy0120 ea
101 0  @achi@cger
200 1  @a党破产了吗?@e关于党内争论的公开意见@Adang po chan le ma?@f(德)亨利希·库诺著@F(de)heng li xi·ku nuo zhu@g韦任明译@Gwei ren ming yi
210    @d1976
215    @a35页@d21cm
300    @a机会主义、修正主义资料
300    @a供批判用
517 1  @a关于党内争论的公开意见@Aguan yu dang nei zheng lun de gong kai yi jian
606 0  @a中国共产党
690    @aD261.4@v3
701  0 @a亨利希·库诺@Aheng li xi·ku nuo@4著
702  0 @a韦任明@Awei ren ming@4译
801  0 @aCN@bPFT@c20060802
905    @a10447@dD261.4@e110
    
    党破产了吗?:关于党内争论的公开意见/(德)亨利希·库诺著/韦任明译.-1976
    35页;21cm
    机会主义、修正主义资料.-供批判用
    
    ISBN :CNY0.15
    
●
相关链接 在E读中查询图书 在五车中查询图书 在当当中查询图书 在豆瓣中查询图书


正题名:党破产了吗?     索取号:D261.4/110         预约/预借

序号 登录号 条形码 馆藏地/架位号 状态 备注
1 0441874   204418745   密集书库/ [索取号:D261.4/110] 在馆    
欢迎您!
大连网信软件有限公司© 版权所有